Tour de France 2025 - Top 20 Sprintwertung - Statistiken

Allgemein
  • Dieses Quiz wurde 17 mal gespielt
    9 seit der letzten Aktualisierung
  • Das Durchschnittsergebnis liegt bei 10 aus 20
Antwortstatistiken
Platzierung Name Nationalität Team % Korrekt
4 Jonas Vingegaard Dänemark Team Visma / Lease a Bike
89%
2 Tadej Pogačar Slowenien UAE Team Emirates
89%
3 Biniam Girmay Eritrea Intermarché - Wanty
78%
16 Florian Lipowitz Deutschland Red Bull–Bora–Hansgrohe
78%
1 Jonathan Milan Italien Lidl - Trek
78%
14 Ben Healy Irland EF Education-EasyPost
56%
13 Matteo Jorgenson USA Team Visma / Lease a Bike
56%
8 Wout van Aert Belgien Team Visma / Lease a Bike
56%
10 Quinn Simmons USA Lidl - Trek
44%
18 Thymen Arensman Niederlande Ineos Grenadiers
44%
7 Tim Merlier Belgien Soudal - Quick Step
44%
11 Arnaud De Lie Belgien Lotto
33%
6 Jonas Abrahamsen Norwegen Uno-X Mobility
33%
20 Julian Alaphilippe Frankreich Tudor Pro Cycling Team
33%
9 Kaden Groves Australien Alpecin - Deceuninck
33%
17 Kevin Vauquelin Frankreich Arkéa - B&B Hotels
33%
12 Oscar Onley Großbritannien Team Picnic PostNL
33%
15 Tim Wellens Belgien UAE Team Emirates
33%
5 Anthony Turgis Frankreich TotalEnergies
22%
19 Simone Velasco Italien XDS Astana Team
11%
Keine übereinstimmenden Quizze gefunden
Verteilung der Resultate
Anzahl Personen mit jedem Resultat
Perzentil nach korrekt beantworteten Fragen
Ihre Resultats-Entwicklung
Sie haben dieses Quiz seit der letzten Aktualisierung nicht gespielt